A marketing perspective of private sector retirement housing and the effectiveness of the buyer behaviour of its purchasers (Record no. 77682)

MARC details
000 -LEADER
fixed length control field 00880cab a2200193 4500
001 - CONTROL NUMBER
control field ##L134866
008 - FIXED-LENGTH DATA ELEMENTS--GENERAL INFORMATION
fixed length control field 060907n2006 000 0 eng u
035 ## - SYSTEM CONTROL NUMBER
System control number (Sirsi) u134866
041 0# - LANGUAGE CODE
Language code of text/sound track or separate title eng
100 1# - MAIN ENTRY--PERSONAL NAME
Personal name Livette, Martin
245 02 - TITLE STATEMENT
Title A marketing perspective of private sector retirement housing and the effectiveness of the buyer behaviour of its purchasers
260 ## - PUBLICATION, DISTRIBUTION, ETC.
Date of publication, distribution, etc. 2006
490 #0 - SERIES STATEMENT
Series statement Property Management
Volume/sequential designation 24(4) 2006, 383-396(14)
520 ## - SUMMARY, ETC.
Summary, etc. Analyses the results of research into the decision-making process of the buyers of retirement housing in the West Midlands. The survey found that although respondents carried out limited research on alternative schemes prior to purchase, the majority were very satisfied with their new home.
590 ## - LOCAL NOTE (RLIN)
Local note IKA190906
651 #4 - SUBJECT ADDED ENTRY--GEOGRAPHIC NAME
Geographic name United Kingdom
Chronological subdivision
690 ## - LOCAL SUBJECT ADDED ENTRY--TOPICAL TERM (OCLC, RLIN)
Topical term or geographic name as entry element PROPERTY-PROPERTY ACQUISITION AND DISPOSAL
942 ## - ADDED ENTRY ELEMENTS (KOHA)
Suppress in OPAC 0
Holdings
Withdrawn status Lost status Source of classification or shelving scheme Damaged status Not for loan Home library Current library Shelving location Date acquired Total Checkouts Full call number Barcode Date last seen Copy number Price effective from Koha item type
    Dewey Decimal Classification     London London Journal article 07/09/2006   L134866 134866-1001 06/08/2019 1 06/08/2019 Journal article